| 000 | 00000nam 2200000zi 4500 |
| 001 | 9.957642 |
| 003 | CaOODSP |
| 005 | 20251202090110 |
| 006 | m o d f |
| 007 | cr cn||||||||| |
| 008 | 251125t20252025oncabd os f000 0 eng d |
| 020 | |a9780660798875 |
| 040 | |aCaOODSP|beng|erda|cCaOODSP |
| 043 | |an-cn--- |
| 086 | 1 |aCS11-627/2025-60E-PDF |
| 245 | 00|aHomicide in Canada, 2024. |
| 264 | 1|a[Ottawa] : |bStatistics Canada = Statistique Canada, |c[2025] |
| 264 | 4|c©2025 |
| 300 | |a1 online resource (1 unnumbered page) : |billustrations, maps, graphs |
| 336 | |atext|btxt|2rdacontent |
| 337 | |acomputer|bc|2rdamedia |
| 338 | |aonline resource|bcr|2rdacarrier |
| 500 | |aCaption title. |
| 500 | |aIssued also in French under title: Les homicides au Canada, 2024. |
| 520 | |a"Nationwide, 788 homicides were reported by police in 2024. The national homicide rate decreased 4% in 2024, from 1.99 to 1.91 homicides per 100,000 population"--Page [1]. |
| 650 | 0|aHomicide|zCanada|vStatistics. |
| 655 | 7|aStatistics|2lcgft |
| 655 | 7|aInfographics|2lcgft |
| 710 | 2 |aStatistics Canada, |eissuing body. |
| 775 | 08|tLes homicides au Canada, 2024.|w(CaOODSP)9.957643 |
| 856 | 40|qPDF|s1.28 MB|uhttps://publications.gc.ca/collections/collection_2025/statcan/11-627-m/11-627-m2025060-eng.pdf |
| 856 | 4 |qHTML|sN/A|uhttps://www150.statcan.gc.ca/n1/pub/11-627-m/11-627-m2025060-eng.htm |
| 986 | |a11-627-M |